000 00358nam a2200109Ia 4500
008 180205s9999 xx 000 0 und d
020 _a9781416618249
100 _aPhillips, Vicki
245 _cOlson, Lynn
_aEnsuring effective instruction :
_bhow do i improve teaching using multiple measure? :
260 _ausa :
_bASCD publication
_c2013
300 _a45 pages
999 _c354961
_d354961